LEADER 02857nam0 22004813i 450 001 BVEE050131 005 20170908093226.0 012 $aa-a- e,l- e-o- rede (3) 1675 (A)$2fei 100 $a20050721d1675 ||||0itac50 ba 101 | $aita 102 $ait 181 1$6z01$ai $bxxxe 182 1$6z01$an 200 1 $aSermoni detti da Gian Paolo Oliua e da Antonio Vieira della Compagnia di Giesù nella solennità del B. Stanislao 210 $aIn Roma$cper il Lazzari Varese$d1675 215 $a\12!, 99, \1!, 79, \1! p.$d8º 300 $aSegn.: ✝⁶ A-F⁸ G², ²A-E⁸ 300 $aLa c. ✝1 bianca 300 $aEmblema dei Gesuiti sul front. 316 $a1 v. - Mutilo della c. [croce]1. - Legatura farnesiana. - Timbro RB sul front. - Occhietto erroneamente rilegato prima A2.$5IT-NA0079, SALA FARN.13. B 0034 517 1 $aSermoni detti da Gian Paolo Oliva e da Antonio Vieira della Compagnia di Giesu ...$9BVEE050133 620 $aIT$dRoma$3LO1L002924 700 1$aOliva$b, Giovanni Paolo$f <1600-1681>$3PUVV221822$4070$0744321 701 1$aVieira$b, António$3RMSV052711$4070$0571818 712 02$aVarese$c $3UBOV127695$4650 790 1$aVviera$b, Antonio$3NAPV191969$zVieira, António 790 1$aVieyra$b, Antonio$3TO0V497057$zVieira, António 790 1$aVieira$b, Antonio$f <1608-1697>$3USMV847093$zVieira, António 791 02$aLazzari Varese$3BVEV092216$zVarese 791 02$aStamperia del Varese$3VEAV052849$zVarese 791 02$aLazzari, Giacomo Antonio de$3VEAV054371$zVarese 791 02$aDe Lazzari Varese, Giacomo Antonio$3VEAV054372$zVarese 791 02$aLazari, Giacomo Antonio de$3VEAV054373$zVarese 791 02$aLazzeri, Giacomo Antonio de$3VEAV054374$zVarese 801 3$aIT$bIT-NA0079$c20050721 850 $aIT-NA0079 899 1$aBiblioteca Nazionale Vittorio Emanuele III$bNA0079$eS$uhttp://books.google.com/books?vid=IBNN:BNANT001742557 912 $aBVEE050131 950 0$aBiblioteca Nazionale Vittorio Emanuele III$b1 v. - Mutilo della c. [croce]1. - Legatura farnesiana. - Timbro RB sul front.$c1 v. - Mutilo della c. [croce]1. - Legatura farnesiana. - Timbro RB sul front.$d BNSALA FARN.13. B 0034$e BNANT0017425575 B 1 v. - Mutilo della c. [croce]1. - Legatura farnesiana. - Timbro RB sul front. - Occhietto erroneamente rilegato prima A2.$fC $h20050721$i20050721 956 $aBiblioteca Nazionale Vittorio Emanuele III$b1$c$d$eBNANT001742557$uhttp://books.google.com/books?vid=IBNN:BNANT001742557$z BNSALA FARN.13. B 0034 977 $a BN 996 $aSermoni detti da Gian Paolo Oliua e da Antonio Vieira della Compagnia di Giesù nella solennità del B. Stanislao$91481914 997 $aUNISANNIO LEADER 00898cam0 2200265 450 001 E600200073530 005 20110406071321.0 100 $a20110406d1962 |||||ita|0103 ba 101 $aita 102 $aIT 200 1 $aArnobio e l'ultima vicenda della lex Cincia$f[Generoso Melillo] 210 $aNapoli$cJovene$d[1962?] 215 $a[62]-72 p.$d24 cm 300 $a(mm) 300 $aEstratto da: Labeo, 8 (1962), 1 700 1$aMelillo$b, Generoso$3AF00019731$4070$0200830 801 0$aIT$bUNISOB$c20110406$gRICA 850 $aUNISOB 852 $aUNISOB$jFondo|Casavola|Opusc$m153384 912 $aE600200073530 940 $aM 102 Monografia moderna SBN 941 $aM 957 $b1994$gSi$d153384$hCasavola$rdono$1menle$2UNISOB$3UNISOB$420110406071323.0$520110406071408.0$6menle$aFondo|Casavola|Opusc 996 $aArnobio e l'ultima vicenda della lex Cincia$91697938 997 $aUNISOB